| 000 | 00594nam a2200193 i 4500 | ||
|---|---|---|---|
| 001 | 67075 | ||
| 003 | ES-MaACL | ||
| 005 | 20230906165941.0 | ||
| 007 | t| | ||
| 008 | 040504s1994 sp ||||1| spa d | ||
| 020 | _a84-7719-440-8 | ||
| 080 | _a616.89-008.441.33 | ||
| 100 | 1 |
_aVaquera Orte, José. _9113090 |
|
| 245 | 1 | 3 |
_aEl alcoholismo como problema de salud _b: lección inaugural del curso académico 1994-1995 / _cJosé Vaquera Orte. |
| 260 |
_aLeón : _bUniversidad, _c1994. |
||
| 300 |
_a46 p. ; _c24 cm. |
||
| 650 | 1 | 4 |
_aAlcoholismo. _99712 |
| 852 |
_aES-MaACL _j2166-F-19 _bR.129728 |
||
| 999 |
_c67075 _d67075 |
||